| 000 | 00393 a2200109 4500 | ||
|---|---|---|---|
| 001 | ART_49634 | ||
| 005 | 20260410162001.0 | ||
| 008 | 260409a | ||
| 245 | 1 | 0 | _aUna nota breve (muy breve) sobre el comercio internacional y los tipos de cambio |
| 100 | 1 | _aJacobo, Alejandro D. | |
| 773 | 0 |
_tBoletín de lecturas sociales y económicas _g- Año 7, Nº 34 (nov. 2000) _wREV28746 |
|
| 999 |
_c31285 _d31285 |
||